00573pab a2200157 454500008003600000100001700036245012000053650001600173650001700189650002300206700001700229773003400246909001000280999001700290952010800307180718b xxu||||| |||| 00| 0 eng d aKiser, Edgar aDeterminants of the amount and type of corruption in state fiscal bureaucracies: an analysis of late imperial China a Corruption a Bureaucracy aCorruption - China aTong, Xiaoxi aComparative Political Studies a22913 c22913d22913 00104070aIIPAbIIPAd2018-07-19hIssue no: 25(3) Oct., p.300-31pAR22982r2018-07-19w2018-07-19yAR